<?xml version="1.0" encoding="utf-8"?>
<?xml-stylesheet type='text/xsl' href='./oai2.xsl'?>
<OAI-PMH xmlns="http://www.openarchives.org/OAI/2.0/" xmlns:xsi="http://www.w3.org/2001/XMLSchema-instance" xsi:schemaLocation="http://www.openarchives.org/OAI/2.0/ http://www.openarchives.org/OAI/2.0/OAI-PMH.xsd">
  <responseDate>2026-05-15T16:34:24Z</responseDate>
  <request verb="GetRecord" metadataPrefix="marcxml" identifier="record_kuniweb_21741">https://kulturerbe.niedersachsen.de/oai</request>
  <GetRecord>
    <record>
      <header>
        <identifier>record_kuniweb_21741</identifier>
        <datestamp>2026-03-31T19:09:18Z</datestamp>
        <setSpec>slg0161</setSpec>
      </header>
      <metadata>
        <marc:record xmlns:marc="http://www.loc.gov/MARC21/slim" xsi:schemaLocation="http://www.loc.gov/MARC21/slim http://www.loc.gov/standards/marcxml/schema/MARC21slim.xsd">
          <marc:leader>12345nrm  22     uu 4500</marc:leader>
          <marc:controlfield tag="001">21741</marc:controlfield>
          <marc:controlfield tag="003">http://kuniweb.gbv.de</marc:controlfield>
          <marc:controlfield tag="005">2020-04-15T12:27:00</marc:controlfield>
          <marc:controlfield tag="008">|           ||||||||||||||||||||||</marc:controlfield>
          <marc:datafield tag="245" ind1="1" ind2="0">
            <marc:subfield code="a">Nachbarschaftsglas Tiedexer- und Marktstraßengemeinde</marc:subfield>
          </marc:datafield>
          <marc:datafield tag="655" ind1=" " ind2="7">
            <marc:subfield code="a">Alltagskultur</marc:subfield>
          </marc:datafield>
          <marc:datafield tag="046" ind1=" " ind2=" ">
            <marc:subfield code="k">1905-01</marc:subfield>
            <marc:subfield code="k">01.1905 - 06.1905</marc:subfield>
            <marc:subfield code="l">1905-06</marc:subfield>
          </marc:datafield>
          <marc:datafield tag="260" ind1=" " ind2=" ">
            <marc:subfield code="g">1905-01</marc:subfield>
            <marc:subfield code="g">1905-06</marc:subfield>
            <marc:subfield code="g">01.1905 - 06.1905</marc:subfield>
          </marc:datafield>
          <marc:datafield tag="300" ind1=" " ind2=" ">
            <marc:subfield code="a">Höhe: 9 cm
Durchmesser: 5,4 cm (oberer Dm.)</marc:subfield>
          </marc:datafield>
          <marc:datafield tag="520" ind1=" " ind2=" ">
            <marc:subfield code="a">konisches Trinkglas, dünnwandig, mit Goldrand. Aufschrift in Silberdruck, Stadtmarke in rundem Medaillon, gekröntes Einbecker E auf silbern gestreiftem Hintergrund. (Stadtmuseum Einbeck)

Inschrift:
Einbecker Nachbarschaft (Stadtmarke), 1905. Tiedexer- u. Marktstraßen-Gemeinde (in Silber aufgedruckt)

Verwendungszweck:
Nachbarschaftsfest

Gebrauchsort:
Einbeck (Tiedexer Straße und Marktstraße sind zwei benachbarte Straßen, die gemeinsam feierten)

Literatur in Zusammenhang:
Wilhelm Feise, Die Einbecker Nachbarschaft. Einbeck 1905 (2. Aufl).

Literatur in Zusammenhang:
Wilhelm Feise, Die Einbecker Nachbarschaft. In: Hannoversche Geschichtsblätter Bd.3, 1900, S. 369-372, 377-379, 385-388.

Literatur in Zusammenhang:
Wilhelm Feise, Nachtrag zu den Einbecker Nachbarschaften. In: 7. Jahresbericht des Vereins für Geschichte und Alterthümer der Stadt Einbeck und Umgebung für das Jahr 1907, S. 20-40.</marc:subfield>
          </marc:datafield>
          <marc:datafield tag="650" ind1="1" ind2=" ">
            <marc:subfield code="a">Behältnis, Hülle &gt; Behältnis &gt; Gefäß &gt; Becher</marc:subfield>
          </marc:datafield>
          <marc:datafield tag="773" ind1="0" ind2=" ">
            <marc:subfield code="t">Sammlung Einbecker Nachbarschaften</marc:subfield>
          </marc:datafield>
          <marc:datafield tag="852" ind1=" " ind2=" ">
            <marc:subfield code="a">Stadtmuseum Einbeck</marc:subfield>
          </marc:datafield>
          <marc:datafield tag="" ind1=" " ind2=" ">
            <marc:subfield code="a">Namensnennung - Weitergabe unter gleichen Bedingungen 4.0 International (CC BY-SA 4.0)</marc:subfield>
          </marc:datafield>
        </marc:record>
      </metadata>
    </record>
  </GetRecord>
</OAI-PMH>
